000 01818nam a2200265 4500
001 114290
003 DR-UNIBE
005 20260109103139.0
008 260109b2024 sp ||||| |||| 00| 0 spa d
020 _a9788413443096
040 _aBIBLIOTECA UNIBE
_cBIBLIOTECA UNIBE
_erda
041 _aspa
_heng
082 _a658.38 G585t
100 1 _aGodin, Seth,
_d1960-
_eautor
_9177495
245 1 0 _aSi tu trabajo te tiene frito, ¡reinvéntalo! :
_bun manifiesto para que profesionales y empresarios recuperemos la ilusión por trabajar juntos /
_cSeth Godin
260 _aBarcelona :
_bAlienta Editorial,
_c2024
300 _a228 páginas :
_bgráficas
504 _aEn la cubierta: "Un manifiesto para que profesionales y empresarios recuperemos la ilusión por trabajar juntos"
520 3 _aSi vives en este mundo lo sabes de sobra: cada día más personas se hartan de su trabajo y deciden abandonarlo. La precariedad laboral y la inestabilidad económica son cada vez más evidentes, y los trabajadores que no dimiten de su puesto son despedidos por protestar. «Que os den», se oye a uno y otro lado. Pero esto no tiene por qué ser así: profesionales y empresarios estamos condenados a entendernos. De hecho, sólo hay una salida a la situación actual: trabajar juntos para convertir nuestras empresas en un lugar en el que todos nos sintamos cómodos, importantes y valorados. Este libro está pensado para que lo compartan jefes y compañeros de trabajo, para que se discuta y para que sea puesto en práctica. Porque no importa cuál sea tu papel: todos tenemos el poder de cambiar las cosas.
650 _2lemb
_aCondiciones de trabajo
_9201596
653 0 0 _aTrabajo -- Productividad
653 0 0 _aTrabajo -- Rendimiento
700 1 _aMaestro, María
_etraductor
_9201594
942 _2ddc
_cBK
999 _c114290
_d114290